000 00278nam a2200097Ia 4500
005 20250424112916.0
008 250424s9999 xx 000 0 und d
300 _av. : ill. ; 28 cm.
650 _aPolitical science--Periodicals. International relations--Periodicals.
942 _cSR
999 _c37819
_d37819